[Event "British Chess Championships 2023: PM Tournament U2050"]
[Site "The Venue, De Montfort University, 20 Western Boulevard, Leicester, LE2 7BU"]
[Date "2023.07.25"]
[Round "2"]
[Board "10"]
[White "Latypov, Egor L"]
[Black "Fernando, Manel"]
[Result "1-0"]
[WhiteElo "1804"]
[BlackElo "1627"]
[PlyCount "79"]
[EventDate "2023.07.24"]
[EventRounds "6"]
[EventCountry "ENG"]

1. d4 d5 2. c4 e6 3. Nc3 Nf6 4. e3 c6 5. Nf3 Be7 6. Qc2 Nbd7 7. g4 Nf8 8. Bd2 Ng6
9. Ne5 Nxe5 10. dxe5 Nxg4 11. f4 Bh4+ 12. Ke2 f5 13. h3 Nf2 14. Rh2 d4 15. exd4 Qxd4
16. Be3 Qxc4+ 17. Kf3 Qb4 18. a3 Qe7 19. Bxf2 Bxf2 20. Rxf2 Qh4 21. Kg2 g5 22. fxg5
Rg8 23. Kh2 Rxg5 24. Rg2 Qf4+ 25. Kg1 Qe3+ 26. Qf2 Rxg2+ 27. Bxg2 Qxe5 28. Re1 Qa5
29. Qe2 Qb6+ 30. Kh1 Kf8 31. Rd1 Qc7 32. Qh5 Qe7 33. Qh6+ Kg8 34. Bf3 Kh8 35. Qd2
Kg7 36. Ne2 Qh4 37. Kg2 e5 38. Qd6 Qg5+ 39. Kh2 Qe3 40. Rg1+  1-0

[Event "British Chess Championships 2023: PM Tournament U2050"]
[Site "The Venue, De Montfort University, 20 Western Boulevard, Leicester, LE2 7BU"]
[Date "2023.07.25"]
[Round "2"]
[Board "11"]
[White "Clegg, Robert"]
[Black "Tomy, Jeff"]
[Result "0-1"]
[WhiteElo "1860"]
[BlackElo "1791"]
[PlyCount "76"]
[EventDate "2023.07.24"]
[EventRounds "6"]
[EventCountry "ENG"]

1. d4 d5 2. c4 e6 3. Nc3 Nf6 4. cxd5 exd5 5. Bg5 Be7 6. Qc2 O-O 7. e3 c6 8. Bd3 h6
9. Bh4 Re8 10. Nge2 Nbd7 11. O-O Ne4 12. Bxe7 Qxe7 13. Rae1 Ndf6 14. f3 Nxc3 15.
Nxc3 Qb4 16. a3 Qb6 17. b4 Bd7 18. Na4 Qd8 19. Nc5 b6 20. Nb3 Rc8 21. Qf2 Be6 22.
Bc2 Qd7 23. h3 Rcd8 24. Re2 Qe7 25. Rd1 Nh5 26. g4 Nf6 27. Rdd2 Qb7 28. Qh4 Qa6 29.
g5 hxg5 30. Qxg5 Kf8 31. Re1 Qxa3 32. Ra1 Qxb4 33. Rxa7 Rd7 34. Ra1 c5 35. dxc5 bxc5
36. Rg2 Bxh3 37. Qxg7+ Ke7 38. Rg6 Qc3  0-1

[Event "British Chess Championships 2023: PM Tournament U2050"]
[Site "The Venue, De Montfort University, 20 Western Boulevard, Leicester, LE2 7BU"]
[Date "2023.07.25"]
[Round "2"]
[Board "12"]
[White "Colclough, Ryan"]
[Black "Livesey, R Nigel"]
[Result "1-0"]
[WhiteElo "1795"]
[BlackElo "1811"]
[PlyCount "55"]
[EventDate "2023.07.24"]
[EventRounds "6"]
[EventCountry "ENG"]

1. e4 c6 2. Nc3 d5 3. d4 dxe4 4. Nxe4 Nf6 5. Nxf6+ exf6 6. c3 Bd6 7. Bd3 O-O 8. Qc2
Re8+ 9. Ne2 h5 10. O-O Qc7 11. h4 Nd7 12. Be3 Nf8 13. Rae1 Bg4 14. Qd2 Bxe2 15. Bxe2
g6 16. c4 Rad8 17. Qc3 Bf4 18. Bf3 Bxe3 19. Rxe3 Rxe3 20. Qxe3 Rd6 21. Rd1 Re6 22.
Qd3 Rd6 23. a3 Nd7 24. Qc2 Re6 25. d5 cxd5 26. Bxd5 Rd6 27. Qxg6+ Kh8 28. Qxh5+  1-0

[Event "British Chess Championships 2023: PM Tournament U2050"]
[Site "The Venue, De Montfort University, 20 Western Boulevard, Leicester, LE2 7BU"]
[Date "2023.07.25"]
[Round "2"]
[Board "13"]
[White "Connor, Matthew J"]
[Black "O'hanlon, Pat"]
[Result "0-1"]
[WhiteElo "1805"]
[BlackElo "1676"]
[PlyCount "90"]
[EventDate "2023.07.24"]
[EventRounds "6"]
[EventCountry "ENG"]

1. e4 e6 2. d4 d5 3. Nc3 dxe4 4. Nxe4 Nf6 5. Bd3 Be7 6. Nf3 Nbd7 7. O-O O-O 8. Qe2
c5 9. dxc5 Nxc5 10. Nxc5 Bxc5 11. Bg5 Be7 12. Rfd1 Qc7 13. c3 Bd7 14. Bxf6 Bxf6 15.
Bxh7+ Kxh7 16. Qd3+ Kg8 17. Qxd7 Qb6 18. Qd2 a5 19. a4 Rac8 20. Qe2 Rc5 21. Nd4 Re5
22. Qc2 Rg5 23. Nb5 Qc6 24. g3 Qf3 25. Rd3 Qh5 26. Qd1 Qh3 27. Qf1 Qh5 28. Rad1 Qg4
29. f4 Rh5 30. Qf3 Qg6 31. R1d2 e5 32. Nd6 exf4 33. Qxf4 Bg5 34. Nf5 Re8 35. Rd6
Bxf4 36. Rxg6 fxg6 37. gxf4 Rxf5 38. Rd6 Kh7 39. Rd7 Re2 40. Rxb7 Rd5 41. Kf1 Rxh2
42. Ke1 Rdd2 43. c4 Rxb2 44. Rxb2 Rxb2 45. Kd1 Rb4  0-1

[Event "British Chess Championships 2023: PM Tournament U2050"]
[Site "The Venue, De Montfort University, 20 Western Boulevard, Leicester, LE2 7BU"]
[Date "2023.07.25"]
[Round "2"]
[Board "14"]
[White "Westcott, Dale"]
[Black "Coward, Neil"]
[Result "1/2-1/2"]
[WhiteElo "1676"]
[BlackElo "1800"]
[PlyCount "84"]
[EventDate "2023.07.24"]
[EventRounds "6"]
[EventCountry "ENG"]

1. d4 d5 2. c4 e5 3. dxe5 d4 4. Nf3 Nc6 5. Nbd2 Bg4 6. h3 Bh5 7. g3 Qd7 8. Bg2 O-O-O
9. a3 d3 10. O-O dxe2 11. Qxe2 Nd4 12. Qe4 Bg6 13. Qxd4 Qxd4 14. Nxd4 Rxd4 15. Nb3
Rxc4 16. Na5 Rc5 17. b4 Rb5 18. Bf4 c6 19. Rac1 Ne7 20. Rfd1 Bf5 21. Nc4 Ng6 22.
Bg5 h6 23. Be3 Nxe5 24. Nd6+ Bxd6 25. Rxd6 Rd8 26. Rxd8+ Kxd8 27. Bxa7 Kc7 28. Bf1
Rd5 29. Bg2 Rd3 30. a4 Nf3+ 31. Bxf3 Rxf3 32. Kg2 Be4 33. Kg1 Ra3 34. a5 Rb3 35.
Bb6+ Kd6 36. Rd1+ Bd5 37. Bc5+ Ke6 38. Kf1 Bf3 39. Rc1 Kf5 40. Re1 Rb2 41. g4+ Kg6
42. Kg1 Re2  1/2-1/2

[Event "British Chess Championships 2023: PM Tournament U2050"]
[Site "The Venue, De Montfort University, 20 Western Boulevard, Leicester, LE2 7BU"]
[Date "2023.07.26"]
[Round "3"]
[Board "1"]
[White "Vyas, Alisha"]
[Black "Gordon, Sean"]
[Result "0-1"]
[WhiteElo "1878"]
[BlackElo "1999"]
[PlyCount "114"]
[EventDate "2023.07.24"]
[EventRounds "6"]
[EventCountry "ENG"]

1. e4 c5 2. c3 Nf6 3. e5 Nd5 4. d4 cxd4 5. cxd4 Nc6 6. Nf3 d6 7. Bc4 dxe5 8. dxe5
Nb6 9. Qxd8+ Nxd8 10. Bb5+ Bd7 11. Bxd7+ Nxd7 12. O-O e6 13. Nc3 a6 14. Bf4 Nc6 15.
Rfd1 h6 16. h4 O-O-O 17. Ne4 Nb6 18. Rxd8+ Kxd8 19. Rd1+ Kc7 20. Nd6 Bxd6 21. exd6+
Kd7 22. Rd3 Nd5 23. Ne5+ Nxe5 24. Bxe5 f6 25. Bh2 Rc8 26. g4 Rc2 27. Rb3 b5 28. g5
e5 29. Ra3 Rc6 30. gxh6 gxh6 31. Rg3 Rc4 32. Rg7+ Kxd6 33. Bg3 Ne7 34. Kh2 Ke6 35.
Rh7 Nf5 36. Rb7 Rc6 37. Kh3 Nd6 38. Rh7 Nf7 39. f4 Rc7 40. fxe5 Ng5+ 41. hxg5 Rxh7
42. gxf6 Rd7 43. Bf4 Rd1 44. Kg4 Rd4 45. Kf3 h5 46. Be3 Rh4 47. Bf4 Rh1 48. Be3 Rf1+
49. Kg2 Re1 50. Bd4 Re4 51. Bb6 Rxe5 52. Ba5 Re2+ 53. Kh3 Rxb2 54. Kh4 Rh2+ 55. Kg5
h4 56. a3 h3 57. Kg4 Ra2  0-1

[Event "British Chess Championships 2023: PM Tournament U2050"]
[Site "The Venue, De Montfort University, 20 Western Boulevard, Leicester, LE2 7BU"]
[Date "2023.07.26"]
[Round "3"]
[Board "2"]
[White "Clarke, Ian J"]
[Black "Jukes, Sam"]
[Result "0-1"]
[WhiteElo "1981"]
[BlackElo "1977"]
[PlyCount "60"]
[EventDate "2023.07.24"]
[EventRounds "6"]
[EventCountry "ENG"]

1. b3 Nf6 2. Bb2 d5 3. Nf3 c5 4. e3 Bg4 5. h3 Bh5 6. Bb5+ Nc6 7. g4 Bg6 8. Ne5 Qc7
9. f4 e6 10. d3 Nd7 11. Bxc6 bxc6 12. Qf3 f6 13. Nxd7 Qxd7 14. Nd2 Bd6 15. h4 h5
16. g5 fxg5 17. fxg5 Rf8 18. Qg2 c4 19. bxc4 Rb8 20. Bc3 Qc7 21. Ke2 Bf5 22. Raf1
Bg4+ 23. Nf3 Bb4 24. Ba1 Qa5 25. Qg3 Rb7 26. Qe5 Be1 27. Rxe1 Bxf3+ 28. Kf1 Bxh1+
29. Ke2 Bf3+ 30. Kf1 Bg4+  0-1

[Event "British Chess Championships 2023: PM Tournament U2050"]
[Site "The Venue, De Montfort University, 20 Western Boulevard, Leicester, LE2 7BU"]
[Date "2023.07.26"]
[Round "3"]
[Board "3"]
[White "Staniland, Philip"]
[Black "Latypov, Egor L"]
[Result "1/2-1/2"]
[WhiteElo "1782"]
[BlackElo "1804"]
[PlyCount "90"]
[EventDate "2023.07.24"]
[EventRounds "6"]
[EventCountry "ENG"]

1. d4 Nf6 2. Nc3 d5 3. Bf4 c6 4. e3 Bf5 5. f3 e6 6. g4 Bg6 7. h4 h5 8. g5 Nh7 9.
Bd3 Bd6 10. Bxg6 fxg6 11. Qd3 Nf8 12. Nge2 Qc7 13. O-O-O Nbd7 14. Bxd6 Qxd6 15. e4
O-O-O 16. e5 Qe7 17. Nf4 Nb6 18. Kb1 Nc4 19. b3 Qb4 20. Ka1 Na3 21. Na4 b6 22. c3
Qb5 23. Rh2 Qxd3 24. Rxd3 Rd7 25. Rhd2 Rf7 26. Ne2 Nd7 27. Kb2 Nb5 28. c4 Nc7 29.
Nac3 Rhf8 30. f4 Kb7 31. Nd1 a5 32. Ne3 Nb8 33. Rc3 Nca6 34. a3 Rc7 35. Rdc2 Rff7
36. Rc1 Kc8 37. Rf1 Rf8 38. Rcc1 Kb7 39. cxd5 cxd5 40. Rxc7+ Nxc7 41. a4 Nc6 42.
Nc2 Ne7 43. Ne3 Nc6 44. Nc2 Ne7 45. Ne3 Nc6  1/2-1/2

[Event "British Chess Championships 2023: PM Tournament U2050"]
[Site "The Venue, De Montfort University, 20 Western Boulevard, Leicester, LE2 7BU"]
[Date "2023.07.26"]
[Round "3"]
[Board "4"]
[White "Rao, Shree"]
[Black "Di-Vetta, Andrew"]
[Result "0-1"]
[WhiteElo "1599"]
[BlackElo "1776"]
[PlyCount "60"]
[EventDate "2023.07.24"]
[EventRounds "6"]
[EventCountry "ENG"]

1. e4 c5 2. Nf3 e6 3. d4 cxd4 4. Nxd4 Nc6 5. Nc3 a6 6. a3 Qf6 7. Nxc6 bxc6 8. Be3
d5 9. exd5 cxd5 10. Bd4 Qg6 11. Qd3 Nf6 12. Qxg6 hxg6 13. Na4 Rh4 14. Nb6 Rb8 15.
Bxf6 gxf6 16. Nxc8 Rxc8 17. Bxa6 Rxc2 18. b4 Re4+ 19. Kf1 Rb2 20. g3 f5 21. Kg2 Bg7
22. Rhb1 Rd2 23. Rd1 Red4 24. Rxd2 Rxd2 25. Rb1 Bd4 26. b5 Bxf2 27. Kh3 Bb6 28. Rc1
g5 29. Rc6 g4+ 30. Kh4 Bd8+  0-1

[Event "British Chess Championships 2023: PM Tournament U2050"]
[Site "The Venue, De Montfort University, 20 Western Boulevard, Leicester, LE2 7BU"]
[Date "2023.07.26"]
[Round "3"]
[Board "5"]
[White "Tomy, Jeff"]
[Black "Dunn, Maxim"]
[Result "0-1"]
[WhiteElo "1791"]
[BlackElo "2035"]
[PlyCount "76"]
[EventDate "2023.07.24"]
[EventRounds "6"]
[EventCountry "ENG"]

1. d4 d5 2. Nf3 Nf6 3. c4 c6 4. Nc3 e6 5. g3 dxc4 6. Ne5 b5 7. Bg2 a6 8. Nxc6 Qb6
9. Nxb8 Rxb8 10. e4 Bb7 11. a3 Be7 12. O-O O-O 13. Be3 Rfd8 14. Qc2 Ng4 15. Qe2 Nxe3
16. fxe3 Rbc8 17. e5 Rf8 18. Qg4 Bxg2 19. Kxg2 a5 20. Ne4 Kh8 21. Ng5 Bxg5 22. Qxg5
Qb7+ 23. Kg1 b4 24. Qg4 c3 25. bxc3 bxc3 26. Rfb1 Qd5 27. Kf2 f6 28. exf6 Rxf6+ 29.
Kg1 c2 30. Rc1 Rf3 31. e4 Qxd4+ 32. Kh1 Qf6 33. e5 Qf7 34. Qe4 Rf2 35. Kg1 Qa7 36.
Kh1 Rc4 37. Rd1 cxd1=Q+ 38. Rxd1 Rc8  0-1

[Event "British Chess Championships 2023: PM Tournament U2050"]
[Site "The Venue, De Montfort University, 20 Western Boulevard, Leicester, LE2 7BU"]
[Date "2023.07.26"]
[Round "3"]
[Board "6"]
[White "O'hanlon, Pat"]
[Black "Neale, George"]
[Result "1-0"]
[WhiteElo "1676"]
[BlackElo "1918"]
[PlyCount "75"]
[EventDate "2023.07.24"]
[EventRounds "6"]
[EventCountry "ENG"]

1. d4 d5 2. Nf3 Nf6 3. Bf4 e6 4. e3 Nbd7 5. Nbd2 Be7 6. Ne5 Nxe5 7. dxe5 Ne4 8. Nxe4
dxe4 9. Bc4 Bd7 10. Qe2 a6 11. Rd1 b5 12. Bb3 c5 13. c3 Qc7 14. Bc2 Bc6 15. O-O g5
16. Bg3 h5 17. h3 Bd5 18. b3 O-O-O 19. a4 c4 20. b4 Rdg8 21. axb5 axb5 22. Ra1 g4
23. h4 Qd8 24. Ra5 Bxh4 25. Rfa1 Qg5 26. Bf4 Qg6 27. Rxb5 g3 28. Rc5+ Kd8 29. f3
exf3 30. gxf3 Qg7 31. e4 Be7 32. Rca5 Bc6 33. Ra8+ Bxa8 34. Rxa8+ Kc7 35. Qxc4+ Kb7
36. Qa6+ Kc7 37. Qa7+ Kc6 38. Ba4#  1-0

[Event "British Chess Championships 2023: PM Tournament U2050"]
[Site "The Venue, De Montfort University, 20 Western Boulevard, Leicester, LE2 7BU"]
[Date "2023.07.26"]
[Round "3"]
[Board "7"]
[White "O'gorman, Brendan"]
[Black "Gartside, Carl"]
[Result "1-0"]
[WhiteElo "1779"]
[BlackElo "1895"]
[PlyCount "47"]
[EventDate "2023.07.24"]
[EventRounds "6"]
[EventCountry "ENG"]

1. c4 Nf6 2. Nc3 g6 3. e4 d6 4. d4 Bg7 5. h3 O-O 6. Be3 e5 7. d5 a5 8. g4 Na6 9.
Nge2 Nd7 10. Ng3 Ndc5 11. Be2 f5 12. gxf5 gxf5 13. Nxf5 Bxf5 14. exf5 Rxf5 15. Qd2
e4 16. Rg1 Qh4 17. O-O-O Raf8 18. Rg4 Qxh3 19. Rdg1 R8f7 20. Qd4 Nb4 21. Rxg7+ Kf8
22. Rxf7+ Rxf7 23. Qh8+ Ke7 24. Bg5+  1-0

[Event "British Chess Championships 2023: PM Tournament U2050"]
[Site "The Venue, De Montfort University, 20 Western Boulevard, Leicester, LE2 7BU"]
[Date "2023.07.26"]
[Round "3"]
[Board "8"]
[White "Hollyman, Mike"]
[Black "Khan, Mohammed"]
[Result "0-1"]
[WhiteElo "1555"]
[BlackElo "1873"]
[PlyCount "42"]
[EventDate "2023.07.24"]
[EventRounds "6"]
[EventCountry "ENG"]

1. c4 e5 2. Nc3 Nc6 3. g3 g6 4. Bg2 Bg7 5. e4 Nge7 6. Nge2 O-O 7. O-O d6 8. d3 f5
9. Be3 Be6 10. Nd5 Qd7 11. Nec3 Nd4 12. Qd2 fxe4 13. dxe4 Nxd5 14. exd5 Bg4 15. Bxd4
exd4 16. Nb5 d3 17. Be4 Be2 18. Rfe1 Qf7 19. f3 a6 20. Bxd3 Bxd3 21. Nxc7 Bd4+  0-1

[Event "British Chess Championships 2023: PM Tournament U2050"]
[Site "The Venue, De Montfort University, 20 Western Boulevard, Leicester, LE2 7BU"]
[Date "2023.07.26"]
[Round "3"]
[Board "9"]
[White "Bingham, James T"]
[Black "Colclough, Ryan"]
[Result "0-1"]
[WhiteElo "1860"]
[BlackElo "1795"]
[PlyCount "70"]
[EventDate "2023.07.24"]
[EventRounds "6"]
[EventCountry "ENG"]

1. d4 Nf6 2. g3 d5 3. Nf3 e6 4. Bg2 Nbd7 5. c4 Bb4+ 6. Nc3 O-O 7. O-O c6 8. a3 Be7
9. Qc2 b6 10. e4 dxc4 11. Rd1 Bb7 12. Bf4 a6 13. Rd2 b5 14. a4 b4 15. Ne2 a5 16.
Ne5 Nxe5 17. dxe5 Nd7 18. Rad1 Bc8 19. Be3 Qc7 20. f4 Nb6 21. Kh1 b3 22. Qc1 Bb4
23. Nc3 Bb7 24. Bxb6 Qxb6 25. Re2 Rfd8 26. Rf1 Rd3 27. Rf3 Rad8 28. Rxd3 Rxd3 29.
Nd1 Qd4 30. Nf2 Rd2 31. Rxd2 Bxd2 32. Qf1 Qxb2 33. Qxc4 Qa1+ 34. Bf1 b2 35. Qd3 h6
 0-1

[Event "British Chess Championships 2023: PM Tournament U2050"]
[Site "The Venue, De Montfort University, 20 Western Boulevard, Leicester, LE2 7BU"]
[Date "2023.07.26"]
[Round "3"]
[Board "10"]
[White "Lawrence, Spencer"]
[Black "Acharya, Kandara"]
[Result "1/2-1/2"]
[WhiteElo "1849"]
[BlackElo "1783"]
[PlyCount "89"]
[EventDate "2023.07.24"]
[EventRounds "6"]
[EventCountry "ENG"]

1. Nf3 Nf6 2. d4 g6 3. g3 Bg7 4. Bg2 O-O 5. O-O d6 6. b3 c5 7. c4 Qd7 8. Bb2 Na6
9. Nc3 Nc7 10. Rb1 Rb8 11. Re1 b5 12. cxb5 Nxb5 13. dxc5 dxc5 14. Ne5 Qxd1 15. Rexd1
Bf5 16. Rbc1 Nxc3 17. Bxc3 Rfe8 18. Nc4 Red8 19. Be5 Rxd1+ 20. Rxd1 Rf8 21. Ne3 Be6
22. Rc1 Nd7 23. Bxg7 Kxg7 24. h4 Rc8 25. Bd5 Bxd5 26. Nxd5 e6 27. Ne3 Nb6 28. f4
h5 29. Kf2 Kf6 30. Nc4 Ke7 31. e4 Nxc4 32. Rxc4 Kd6 33. Ra4 Rc7 34. Kf3 Kc6 35. g4
Kb5 36. gxh5 gxh5 37. Rc4 Rd7 38. a4+ Kb6 39. b4 cxb4 40. Rxb4+ Ka5 41. Rb5+ Kxa4
42. Rxh5 a5 43. Rh8 f5 44. exf5 exf5 45. h5  1/2-1/2

[Event "British Chess Championships 2023: PM Tournament U2050"]
[Site "The Venue, De Montfort University, 20 Western Boulevard, Leicester, LE2 7BU"]
[Date "2023.07.26"]
[Round "3"]
[Board "11"]
[White "Burton, Nick"]
[Black "Westcott, Dale"]
[Result "1/2-1/2"]
[WhiteElo "1965"]
[BlackElo "1676"]
[PlyCount "44"]
[EventDate "2023.07.24"]
[EventRounds "6"]
[EventCountry "ENG"]

1. e4 c5 2. Nf3 d6 3. d4 cxd4 4. Nxd4 Nf6 5. Nc3 Nc6 6. Bc4 Qb6 7. Nb3 e6 8. Be3
Qc7 9. Qe2 a6 10. O-O-O b5 11. Bd3 Ne5 12. Kb1 Bd7 13. f4 Nxd3 14. Qxd3 b4 15. e5
dxe5 16. Ne4 Nd5 17. fxe5 Bb5 18. Qd4 Rc8 19. Rd2 Qc4 20. Nd6+ Bxd6 21. exd6 Qxd4
22. Bxd4 O-O  1/2-1/2

[Event "British Chess Championships 2023: PM Tournament U2050"]
[Site "The Venue, De Montfort University, 20 Western Boulevard, Leicester, LE2 7BU"]
[Date "2023.07.26"]
[Round "3"]
[Board "12"]
[White "Coward, Neil"]
[Black "Mckenna, Joshua"]
[Result "1/2-1/2"]
[WhiteElo "1800"]
[BlackElo "1600"]
[PlyCount "97"]
[EventDate "2023.07.24"]
[EventRounds "6"]
[EventCountry "ENG"]

1. e4 d6 2. d4 Nf6 3. Nc3 g6 4. f4 Bg7 5. e5 dxe5 6. fxe5 Nd5 7. Nxd5 Qxd5 8. c3
c5 9. Nf3 O-O 10. Be2 cxd4 11. cxd4 Nc6 12. O-O b6 13. Be3 Bb7 14. Qd2 Rad8 15. Rfd1
Qe4 16. Qd3 Qxd3 17. Rxd3 Ba6 18. Rc3 Bxe2 19. Rxc6 e6 20. Kf2 Bb5 21. Rc7 Rd7 22.
Rac1 Rfd8 23. Rxd7 Bxd7 24. Rc7 a6 25. Bg5 Rc8 26. Rxd7 Rc2+ 27. Ke1 h6 28. Bf6 Rxb2
29. Bxg7 Kxg7 30. Rd6 Rxg2 31. Rxb6 Rxa2 32. Nd2 a5 33. h4 Ra1+ 34. Ke2 Rh1 35. Nf3
a4 36. Ra6 Ra1 37. Nd2 a3 38. Nb3 Rh1 39. Rxa3 Rxh4 40. Ra7 g5 41. Rb7 Kg6 42. Kf2
Rf4+ 43. Kg3 h5 44. Rd7 h4+ 45. Kg2 h3+ 46. Kg3 g4 47. Kxf4 h2 48. Kxg4 h1=Q 49.
Nc5  1/2-1/2

[Event "British Chess Championships 2023: PM Tournament U2050"]
[Site "The Venue, De Montfort University, 20 Western Boulevard, Leicester, LE2 7BU"]
[Date "2023.07.26"]
[Round "3"]
[Board "13"]
[White "Fernando, Manel"]
[Black "Clegg, Robert"]
[Result "1-0"]
[WhiteElo "1627"]
[BlackElo "1860"]
[PlyCount "93"]
[EventDate "2023.07.24"]
[EventRounds "6"]
[EventCountry "ENG"]

1. d4 Nf6 2. Nf3 g6 3. Bf4 Bg7 4. e3 d6 5. h3 O-O 6. Bd3 Nbd7 7. Nbd2 b6 8. O-O Bb7
9. c3 h6 10. e4 Ne8 11. Qc2 e5 12. Bg3 c6 13. Rfe1 Nc7 14. Nc4 Qe7 15. dxe5 dxe5
16. Rad1 Rfd8 17. a3 c5 18. Ne3 Kh7 19. c4 Rac8 20. Nh4 Ne6 21. Nf3 Bc6 22. Nd5 Qf8
23. h4 Kg8 24. Bh2 f6 25. Qc1 Bb7 26. Nd2 Nb8 27. Rf1 Qd6 28. f4 Rf8 29. f5 gxf5
30. exf5 Nd4 31. Rf2 Nbc6 32. Ne4 Qd8 33. Qe3 Ne7 34. Nxe7+ Qxe7 35. Nc3 Rcd8 36.
Be4 Bxe4 37. Qxe4 Kh7 38. Nd5 Qf7 39. g4 Rg8 40. Rg2 Rde8 41. Kh1 Bh8 42. Rdg1 Rg7
43. g5 hxg5 44. hxg5 Rxg5 45. Rxg5 fxg5 46. Rxg5 Bg7 47. f6+  1-0

[Event "British Chess Championships 2023: PM Tournament U2050"]
[Site "The Venue, De Montfort University, 20 Western Boulevard, Leicester, LE2 7BU"]
[Date "2023.07.26"]
[Round "3"]
[Board "14"]
[White "Livesey, R Nigel"]
[Black "Connor, Matthew J"]
[Result "0-1"]
[WhiteElo "1811"]
[BlackElo "1805"]
[PlyCount "130"]
[EventDate "2023.07.24"]
[EventRounds "6"]
[EventCountry "ENG"]

1. c4 e5 2. g3 c6 3. d4 exd4 4. Qxd4 d5 5. Bg2 dxc4 6. Qxc4 Nf6 7. Nc3 Be7 8. Nf3
O-O 9. O-O Na6 10. e4 Qa5 11. Bd2 Be6 12. Qe2 Qh5 13. Nd4 Qxe2 14. Ndxe2 Rfd8 15.
Rfd1 Nc5 16. Nf4 Bc4 17. h3 Bd3 18. Be3 Ba6 19. Rxd8+ Rxd8 20. Rd1 Rxd1+ 21. Nxd1
g5 22. Bxc5 Bxc5 23. e5 Ne8 24. Nh5 Be2 25. Nf6+ Nxf6 26. Nc3 Bd3 27. exf6 Bd4 28.
Ne4 Bxe4 29. Bxe4 Bxb2 30. Kf1 Bxf6 31. a4 h6 32. g4 Kf8 33. Ke2 Be5 34. Kd3 Ke7
35. Kc4 Kd6 36. Bf5 Kc7 37. Be4 Kb6 38. Bf5 Ka5 39. Bc2 Bd6 40. Bb3 f6 41. Bc2 b5+
42. axb5 cxb5+ 43. Kd5 Be5 44. Kc5 Bc3 45. Bb3 Bb2 46. Bc2 Ba3+ 47. Kc6 Kb4 48. Bd3
a6 49. Kb6 Kc3 50. Bf5 b4 51. Kxa6 b3 52. Kb5 b2 53. Ka4 Bc5 54. f3 Kd2 55. Kb3 Bd4
56. Ka2 Ke3 57. Be4 Kf2 58. Kb1 Kg3 59. Kc2 Kxh3 60. Kd2 Kg3 61. Ke2 Be5 62. Bf5
Bd4 63. Be4 Kf4 64. Bg6 h5 65. gxh5 f5  0-1

[Event "British Chess Championships 2023: PM Tournament U2050"]
[Site "The Venue, De Montfort University, 20 Western Boulevard, Leicester, LE2 7BU"]
[Date "2023.07.27"]
[Round "4"]
[Board "1"]
[White "Gordon, Sean"]
[Black "Jukes, Sam"]
[Result "1-0"]
[WhiteElo "1999"]
[BlackElo "1977"]
[PlyCount "59"]
[EventDate "2023.07.24"]
[EventRounds "6"]
[EventCountry "ENG"]

1. Nf3 Nf6 2. g3 d5 3. Bg2 Bg4 4. d4 e6 5. O-O Bd6 6. c4 c6 7. Nbd2 O-O 8. h3 Bh5
9. g4 Bg6 10. Ne5 Bxe5 11. dxe5 Ne8 12. e4 Nd7 13. f4 Qb6+ 14. Kh1 dxe4 15. f5 exf5
16. gxf5 Bxf5 17. Rxf5 g6 18. Rg5 h6 19. Rg3 Nxe5 20. Nxe4 f5 21. Bf4 Ng4 22. Rxg4
fxg4 23. Qxg4 Qxb2 24. Qe6+ Kh7 25. Be5 Ng7 26. Qe7 Rf7 27. Qxf7 Qxe5 28. Rf1 Rd8
29. Nf6+ Kh8 30. Qxg6  1-0

[Event "British Chess Championships 2023: PM Tournament U2050"]
[Site "The Venue, De Montfort University, 20 Western Boulevard, Leicester, LE2 7BU"]
[Date "2023.07.27"]
[Round "4"]
[Board "2"]
[White "Di-Vetta, Andrew"]
[Black "Clarke, Ian J"]
[Result "0-1"]
[WhiteElo "1776"]
[BlackElo "1981"]
[PlyCount "98"]
[EventDate "2023.07.24"]
[EventRounds "6"]
[EventCountry "ENG"]

1. d4 e6 2. e4 d5 3. Nd2 c5 4. exd5 Qxd5 5. dxc5 Nf6 6. Ngf3 Qxc5 7. Bd3 Nbd7 8.
Nb3 Qc7 9. O-O Be7 10. Nbd4 a6 11. Re1 Nc5 12. Bf1 O-O 13. Bg5 Rd8 14. Qc1 b6 15.
Bh4 Bb7 16. Bg3 Bd6 17. Bxd6 Qxd6 18. c3 Rac8 19. Qg5 Nce4 20. Qe5 Qd7 21. h3 Rc5
22. Qh2 Rh5 23. Rad1 Ng4 24. Nxe6 Nxh2 25. Rxd7 Nxf3+ 26. gxf3 Rxd7 27. fxe4 fxe6
28. Bc4 Re7 29. Re3 b5 30. Bb3 Rh4 31. Bc2 Rf4 32. f3 g5 33. Kg2 Kg7 34. Kg3 h5 35.
a4 Rd7 36. Re2 Bc6 37. Bb3 Rd3 38. axb5 Rfxf3+ 39. Kg2 Bxb5 40. Bxe6 Rg3+ 41. Kh2
g4 42. c4 Rxh3+ 43. Kg1 Bc6 44. Bd5 Bxd5 45. exd5 Rd1+ 46. Kg2 Rhd3 47. Re5 h4 48.
Rg5+ Kf6 49. Rxg4 h3+  0-1

[Event "British Chess Championships 2023: PM Tournament U2050"]
[Site "The Venue, De Montfort University, 20 Western Boulevard, Leicester, LE2 7BU"]
[Date "2023.07.27"]
[Round "4"]
[Board "3"]
[White "Dunn, Maxim"]
[Black "O'gorman, Brendan"]
[Result "1-0"]
[WhiteElo "2035"]
[BlackElo "1779"]
[PlyCount "109"]
[EventDate "2023.07.24"]
[EventRounds "6"]
[EventCountry "ENG"]

1. e4 c5 2. Nf3 g6 3. c3 d5 4. exd5 Qxd5 5. d4 Bg7 6. Nbd2 cxd4 7. Bc4 Qd8 8. Nxd4
Nf6 9. O-O O-O 10. N2f3 Qc7 11. Qe2 a6 12. a4 Nc6 13. Nxc6 Qxc6 14. Nd4 Qc7 15. Re1
e5 16. Nc2 Bg4 17. f3 Bd7 18. a5 Rfe8 19. Nb4 Rac8 20. Bd3 e4 21. fxe4 Ng4 22. g3
Qc5+ 23. Be3 Nxe3 24. Qxe3 Qxe3+ 25. Rxe3 Bg4 26. Ree1 Bh6 27. Kg2 Bd7 28. Nd5 Bg7
29. Kf3 Be6 30. Nb4 Bf8 31. Bf1 Bb3 32. Ra3 Be6 33. Raa1 Bb3 34. Be2 Rcd8 35. Bd1
Be6 36. Ba4 Bd7 37. Bxd7 Rxd7 38. Nd5 Bg7 39. Red1 Rdd8 40. Rd3 Kf8 41. Rad1 Be5
42. Nb6 Rxd3+ 43. Rxd3 Re7 44. Rd8+ Kg7 45. Rd5 f6 46. Nc4 Bc7 47. b4 Kf7 48. Rd3
Ke6 49. Ne3 Be5 50. Nd5 Rd7 51. c4 h5 52. Nf4+ Bxf4 53. Rxd7 Kxd7 54. Kxf4 Kd6 55.
h4  1-0

[Event "British Chess Championships 2023: PM Tournament U2050"]
[Site "The Venue, De Montfort University, 20 Western Boulevard, Leicester, LE2 7BU"]
[Date "2023.07.27"]
[Round "4"]
[Board "4"]
[White "Colclough, Ryan"]
[Black "Staniland, Philip"]
[Result "0-1"]
[WhiteElo "1795"]
[BlackElo "1782"]
[PlyCount "66"]
[EventDate "2023.07.24"]
[EventRounds "6"]
[EventCountry "ENG"]

1. e4 c6 2. d4 d5 3. Nc3 dxe4 4. Nxe4 Nf6 5. Nxf6+ exf6 6. c3 Bd6 7. Bd3 O-O 8. Qc2
Re8+ 9. Ne2 h5 10. O-O h4 11. h3 Nd7 12. Bd2 Nf8 13. Rae1 Qc7 14. f4 c5 15. f5 cxd4
16. Nxd4 Bd7 17. Qd1 Bg3 18. Rxe8 Rxe8 19. Be1 Rxe1 20. Rxe1 Bxe1 21. Qxe1 Qf4 22.
Qf2 Qxf2+ 23. Kxf2 g5 24. b3 a6 25. Be4 Bc8 26. a4 Nd7 27. a5 Kf8 28. b4 Ke7 29.
Ke3 Kd6 30. c4 Ne5 31. Bd5 Nc6 32. Bxc6 bxc6 33. Ke4 c5  0-1